| 000 | 00566nam a2200181 i 4500 | ||
|---|---|---|---|
| 001 | 35203 | ||
| 003 | ES-MaACL | ||
| 005 | 20230906155056.0 | ||
| 007 | t| | ||
| 008 | 030212s1969 sp ||||1| spa d | ||
| 100 | 1 |
_aBolos, María de. _930001 |
|
| 245 | 1 | 0 |
_aGeografía de España / _cMaría de Bolos, Antonio Paluzie, Angela Guerrero. |
| 260 |
_aBarcelona : _bGassi, _c[1969] |
||
| 300 |
_a494 p., 24 lám. : _b10 map., il. ; _c23 cm. |
||
| 700 | 0 |
_aPaluzie Borrell, Antonio. _988725 |
|
| 700 | 1 |
_aGuerrero, Angela. _960534 |
|
| 852 |
_aES-MaACL _jC-38263 _bR.70686 |
||
| 999 |
_c35203 _d35203 |
||